000 00456nam a2200181Ia 4500
001 12972
005 20260306163019.0
008 260306t2002||||xx |||||||||||||| ||spa||
041 _aESP
082 _aRD 498.361
_bS17
100 _aSalas, José Antonio
_eAUT
245 0 _aDiccionario:
_bmochica-castellano - castellano-mochica
260 _c2002
300 _a254 páginas :
_c24 cm.
650 _aGEN
654 _aCHU
942 _cDIC
_dJUS
_fJUS
_2ddc
_n
999 _c12972
_d12972